02106nam a22002897a 4500003000400000005001700004008004100021022001400062040001700076041001200093100003500105245015100140260003700291362005000328520084500378653003301223653001301256653002201269653002801291653004201319700002301361700003001384856015201414942000801566952022701574999001501801OSt20260512153801.0251023b |||||||| |||| 00| 0 eng d a0962-8770 aEnglishctbs aEnglish aAnastasiadis, Stephanos926428 aLobbying and the responsible firmb: Agenda‐setting for a freshly conceptualized fieldc/ Stephanos Anastasiadis, Jeremy Moon, Michael Humphreys bBusiness Ethics: A Eur Revc2018 aBusiness Ethics: A Eur Rev. 2018;27:207–221 a“Responsible lobbying” is an increasingly salient topic within business and management. We make a contribution to the literature on “responsible lobbying” in three ways. First, we provide novel definitions and, thereby, make a clear distinction between lobbying and corporate political activity. We then define responsible lobbying with respect to its content, process, organization, and environment, resulting in a typology of responsible lobbying, a conceptual model that informs the rest of the paper. Second, the paper provides a thematic overview of the current literature underpinning lobbying and the responsible firm, and the underlying paradigms informing this literature. Third, the paper makes specific suggestions for a future research agenda, ending with a consideration of methodological implications of such research. aCorporate political activity aLobbying aLobbying & ethics aPersuasion (Psychology) aAgenda setting theory (Communication) aMoon, Jeremy96662 aHumphreys, Michael926429 uhttps://bibliotheque.tbs-education.fr/Default/doc/bth/129932752/lobbying-and-the-responsible-firm-agenda-setting-for-a-freshly-conceptualized-field 2lcc 00102lcc4070aTBSbTBSd2025-11-05l0r2025-11-05uhttps://bibliotheque.tbs-education.fr/Default/doc/bth/129932752/lobbying-and-the-responsible-firm-agenda-setting-for-a-freshly-conceptualized-fieldw2025-11-05yARTICLE c5146d5146